[Event "BLR-ch Women 2020"]
[Site "Minsk"]
[Date "2020.10.20"]
[Round "3.3"]
[White "Norman, Kseniya"]
[Black "Astapchyk, Darya"]
[Result "1-0"]
[WhiteElo "1834"]
[BlackElo "1506"]
[Annotator "NA RC"]
[PlyCount "103"]
[EventDate "2020.10.18"]
[EventType "tourn"]
[EventCountry "BLR"]
[SourceTitle "playchess.com"]
[Source "ChessBase"]
[SourceQuality "1"]
[TimeControl "40/5400+30:1800+30"]

{[%evp 8,101,60,43,64,18,25,-16,19,18,23,19,42,32,20,22,20,32767,32767,24,33,32767,23,22,20,32767,49,3,40,18,65,38,48,31,66,66,71,58,108,108,125,111,131,129,138,138,241,139,123,127,130,98,448,105,103,77,87,60,95,0,83,0,96,98,32767,32767,32767,32767,32767,87,323,32767,32767,32767,32767,32767,375,32767,411,32767,477,464,445,502,32767,32767,32767,587,32767,32767,699,32767,691,858,32767,2767]} 1. e4 {[%emt 0:00:00]} d5 {[%emt 0:00:00]} 2. exd5 {[%emt 0:00:00]} Qxd5 {[%emt 0:00:00]} 3. Nc3 {[%emt 0:00:09]} Qd6 {[%emt 0:00:05]} 4. d4 {[%emt 0:02:19]} Nf6 {[%emt 0:00:21]} 5. Nf3 {[%emt 0:01:11]} c6 {[%emt 0:01:11]} 6. Bc4 {[%emt 0:02:46] B01: Scandinavian Defence.} Bg4 {[%emt 0:00:51]} 7. d5 {[%emt 0:06:40]} cxd5 {[%emt 0:11:43]} (7... b5 $5 {[%cal Rb5c4]} 8. Bd3 b4 $11) 8. Nxd5 {[%emt 0:02:10] [#]} Nc6 $146 {[%emt 0:16:30]} ({Predecessor:} 8... Nxd5 9. Qxd5 Qxd5 10. Bxd5 Bxf3 11. Bxf3 Nc6 12. O-O e6 13. Be3 Bd6 14. Rfd1 Ke7 {0-1 (50) Geyer,H (1313)-Sass,P (1598) Greifswald 2013}) 9. h3 {[%emt 0:16:37]} Nxd5 {[%emt 0:15:28]} 10. Qxd5 {[%emt 0:01:37]} (10. hxg4 $5 {[%cal Rd1d5]} Qb4+ 11. Nd2 $11) 10... Qxd5 {[%emt 0:12:21]} 11. Bxd5 {[%emt 0:00:02]} Bd7 {[%emt 0:01:17]} 12. c3 {[%emt 0:01:41]} e6 {[%emt 0:01:18]} 13. Bc4 {[%emt 0:01:56]} Bd6 {[%emt 0:02:00]} 14. O-O {[%emt 0:03:04]} Ne5 {[%emt 0:01:41]} 15. Be2 {[%emt 0:04:27]} Rc8 {[%emt 0:04:21]} 16. Be3 {[%emt 0:05:22]} b6 {[%emt 0:01:24]} 17. Rad1 {[%emt 0:02:38]} Ke7 {[%emt 0:05:21]} 18. Nd4 {[%emt 0:11:43]} Nc4 {[%emt 0:03:00]} 19. Bc1 {[%emt 0:00:28]} Rhd8 {[%emt 0:02:06]} 20. Rfe1 {[%emt 0:01:50]} e5 {[%emt 0:06:53]} 21. Bxc4 {[%emt 0:04:05]} Rxc4 {[%emt 0:00:12]} 22. f4 $1 {[%emt 0:00:49]} f6 {[%emt 0:02:29]} 23. fxe5 {[%emt 0:00:31]} Bxe5 {[%emt 0:01:43]} 24. Bf4 {[%emt 0:01:15]} Bc8 {[%emt 0:08:23]} 25. Bxe5 {[%emt 0:00:21]} fxe5 {[%emt 0:00:05]} 26. Rxe5+ {[%emt 0:00:23]} Kf7 {[%emt 0:00:25]} (26... Kf6 $16 27. Rde1 Rc7) 27. Rde1 {[%emt 0:00:29]} Rc7 {[%emt 0:00:53]} 28. R1e3 {[%emt 0:02:27]} g6 {[%emt 0:00:56]} 29. b4 {[%emt 0:01:39]} Rcd7 $2 {[%emt 0:00:45] [#]} (29... h5 $16 30. R5e4 Kf6) 30. Kh2 $2 {[%emt 0:00:52]} (30. Rf3+ $1 $18 {is the precise move to win.} Kg8 31. Nc6) 30... Bb7 $1 $11 {[%emt 0:00:22]} 31. Ne6 {[%emt 0:05:34]} Rc8 {[%emt 0:00:38]} 32. Ng5+ {[%emt 0:00:59]} Kf8 {[%emt 0:00:30]} 33. Ne6+ {[%emt 0:04:46]} ({White should try} 33. a3 $16) 33... Kf7 $1 {[%emt 0:00:11]} 34. Nd4 {[%emt 0:00:29]} (34. a4 $16) 34... Ba6 {[%emt 0:00:59]} 35. a4 {[%emt 0:04:33]} Bc4 {[%emt 0:00:32]} 36. Kg3 {[%emt 0:02:24]} Rdc7 {[%emt 0:00:29]} 37. b5 {[%emt 0:01:07]} Rd7 {[%emt 0:00:32]} 38. Nc6 {[%emt 0:00:31]} Bb3 $2 {[%emt 0:00:33]} (38... Kf8 $16) 39. Re7+ {[%emt 0:00:33]} Rxe7 {[%emt 0:00:04]} 40. Rxe7+ {[%emt 0:00:00]} Kf6 {[%emt 0:00:00]} 41. Rxa7 {[%emt 0:00:35]} Re8 {[%emt 0:05:15]} 42. Kf2 {[%emt 0:02:00]} Bc4 {[%emt 0:05:45]} 43. Nd4 {[%emt 0:01:23]} Kg5 {[%emt 0:05:26]} 44. Rc7 {[%emt 0:04:35]} Bd3 {[%emt 0:02:26]} 45. Rc6 {[%emt 0:08:02]} Rb8 {[%emt 0:04:20]} 46. c4 {[%emt 0:01:20]} Ra8 {[%emt 0:01:52]} 47. Nf3+ {[%emt 0:07:15]} Kf4 {[%emt 0:04:51]} 48. Rf6+ {[%emt 0:05:15]} Ke4 {[%emt 0:00:16]} 49. Re6+ {[%emt 0:01:51]} Kf5 {[%emt 0:01:14]} 50. Rxb6 {[%emt 0:01:05]} Rxa4 {[%emt 0:00:17]} 51. Ke3 $18 {[%emt 0:00:55]} Bxc4 {[%emt 0:00:49]} 52. g4# {[%emt 0:00:24]} 1-0

[Event "BLR-ch Women 2020"]
[Site "Minsk"]
[Date "2020.10.21"]
[Round "4.1"]
[White "Beinenson, Katsiaryna"]
[Black "Norman, Kseniya"]
[Result "1-0"]
[WhiteElo "1983"]
[BlackElo "1834"]
[Annotator "TA"]
[PlyCount "105"]
[EventDate "2020.10.18"]
[EventType "tourn"]
[EventCountry "BLR"]
[SourceTitle "playchess.com"]
[Source "ChessBase"]
[SourceQuality "1"]

{[%evp 14,105,-34,-49,85,92,92,85,94,99,97,89,95,97,83,91,89,89,81,81,103,73,109,85,101,94,203,136,268,223,235,115,106,94,104,0,0,0,105,84,119,118,152,135,158,146,258,264,289,277,289,276,345,249,212,245,465,450,488,484,480,424,525,371,497,478,552,502,901,1165,1054,1050,885,787,6805,979,2803,6240,5928,1666,12838,12839,3035,1218,3741,3256,2736,2486,12833,12066,12838,12839,12841,12841]} 1. e4 d5 2. exd5 Nf6 3. Nf3 Qxd5 4. Nc3 Qh5 5. Be2 Bg4 6. O-O Nc6 7. d4 O-O-O 8. Bf4 Nxd4 {B01: Scandinavian Defence.} (8... Qf5 $15 9. Be3 e5) 9. Nxd4 $16 Bxe2 10. Qxe2 {aiming for Qc4!} ({Much weaker is} 10. Ncxe2 $6 e5 $11) 10... Rxd4 {[#]White is better.} 11. Qe3 $1 {[%cal Re3d4]} e5 12. Bxe5 $40 {[%mdl 128] White is out for blood.} Bd6 13. Bxd6 Rxd6 14. Qxa7 {Black must now prevent Qa8+.} Ra6 {[#]} 15. Qd4 $146 ({Predecessor:} 15. Qe3 Re8 16. Qg3 Rae6 17. Rad1 Qf5 18. Qd3 Qe5 19. Qd4 Qa5 20. h3 Rd6 21. Qc4 {½-½ (37) Tzolas,G (2143)-Lagopatis,N (2107) Aghia Pelagia 2004}) 15... Rd8 16. Qf4 Rad6 17. a4 Rd4 18. Qg3 Rg4 19. Qf3 Nd7 (19... Rg5 $16 20. Qxh5 Rxh5) 20. Rfd1 c6 (20... Re8 $16) 21. h3 Rg5 {Hoping for ...Qxf3.} 22. Qxh5 (22. g4 $18) 22... Rxh5 23. Ne4 Kc7 24. Nd6 Ne5 25. Ne4 Nd7 $1 26. b4 {White leaves nothing to chance now.} Re8 27. f3 Rh6 28. Rd4 Rg6 29. Rad1 Ne5 (29... Re7 $16 {keeps fighting.} 30. a5 Nf6) 30. Kf2 $18 f5 31. Nd6 Rf8 32. f4 Nd7 {[#] Now ...Nb6 and Black clings on.} 33. Nb5+ $1 {[%mdl 576] Discovered Attack} cxb5 34. Rxd7+ {[%mdl 4096] Endgame KRR-KRR} Kc8 $2 (34... Kb6 35. a5+ Ka6) 35. axb5 Re8 36. c4 Rge6 37. c5 Re4 38. R7d4 Rxd4 39. Rxd4 {KR-KR. White is clearly winning.} Kc7 40. Rd5 g6 (40... Rf8 $142 41. Kf3 Rf6) 41. Re5 Rd8 42. Re7+ Kc8 43. b6 h6 44. Rc7+ Kb8 45. Rg7 Kc8 46. Rxg6 (46. b5 $142 Rd7 47. Rxg6 Rd2+ {[#]} 48. Ke3 $1 {[%mdl 512]}) 46... Rd4 47. Rg8+ Kd7 48. Rg7+ Kc6 49. Rc7+ Kb5 50. Rxb7 Rxf4+ 51. Ke3 Rxb4 52. Rc7 Ka6 {[#]} 53. b7 $1 {Av CentiPawn Loss W=-33/B=73. Weighted=21/1} 1-0

[Event "BLR-ch Women 2020"]
[Site "Minsk"]
[Date "2020.10.21"]
[Round "4.2"]
[White "Zeliantsova, Kseniya"]
[Black "Tarasenka, Aliaksandra"]
[Result "1-0"]
[WhiteElo "2114"]
[BlackElo "2070"]
[Annotator "TA"]
[PlyCount "57"]
[EventDate "2020.10.18"]
[EventType "tourn"]
[EventCountry "BLR"]
[SourceTitle "playchess.com"]
[Source "ChessBase"]
[SourceQuality "1"]

{[%evp 14,57,12,2,23,15,69,65,66,55,68,44,111,66,49,39,52,40,42,20,108,101,97,100,100,98,100,100,94,96,153,20,34,37,29,32,147,137,275,264,295,284,303,222,743,795]} 1. Nf3 f5 2. g3 g6 3. Bg2 Bg7 4. d3 d6 5. O-O Nf6 6. c4 e5 7. Nc3 Nc6 8. Rb1 Be6 {A26: English Opening vs King's Indian with ...Nc6 and d3.} 9. b4 {[%cal Bb2b4,Bb4b5][%mdl 32]} Qd7 (9... a6 $11) 10. b5 $14 Nd8 {White is slightly better.} 11. Ng5 Bg8 12. f4 h6 (12... exf4 $14 13. Bxf4 h6) 13. Nf3 {[#]} exf4 $146 ({Predecessor:} 13... Rb8 14. Kh1 Be6 15. fxe5 Nh5 16. Nh4 g5 17. e4 Bxe5 18. Ng6 Bxc3 19. Qxh5 Bf7 20. exf5 c6 21. Qe2+ {1-0 (21) Poobalasingam,P (2235)-Seymour,T (2040) Coulsdon 2008}) 14. Bxf4 Bf7 15. Qc1 g5 16. Bd2 Ng4 (16... Bg6 $11) 17. e4 $1 $16 O-O 18. h3 Nf6 19. exf5 Qxf5 20. Nxg5 {[%mdl 64] Discovered Attack} Qxd3 21. Nxf7 Nxf7 ({Black should play} 21... Rxf7 22. Qe1 (22. Bxh6 Qxg3 23. Qe3 Qxe3+ 24. Bxe3 a6 $16) 22... Qxc4) 22. Kh2 (22. Rb3 $1 $16) 22... Ne5 $11 23. Bf4 $36 {[%mdl 2048] White is more active.} Rae8 24. Nd5 Nh5 {[#]} ({Don't go for} 24... Nxc4 $2 25. Nxf6+ Bxf6 26. Rb3 $18 (26. Bxh6 Re2 $18)) ({Better is} 24... Nxd5 $14 25. Bxd5+ Kh7) 25. Rb3 $1 $16 {[%cal Rb3d3]} ({Avoid the trap} 25. Nxc7 $2 {[#]} Rxf4 $1 {[%mdl 512]} 26. Rb3 (26. Nxe8 {leads to mate.} Ng4+ 27. hxg4 Qxg3+ {[%mdl 64] Double Attack} 28. Kg1 Bd4+ 29. Qe3 Bxe3+ {[%mdl 64] Discovered Attack} 30. Rf2 Bxf2+ 31. Kh1 Qh4+ 32. Bh3 Qxh3#) 26... Rxf1 $19) 25... Qg6 {This move loses the game for Black.} (25... Qxc4 $16 26. Nxc7 {[%mdl 64] Discovered Attack} Qxc1 27. Rxc1 Re7) 26. Nxc7 $18 Re7 27. Nd5 Ref7 28. c5 Nd3 $2 (28... dxc5 29. Qxc5 Kh8 30. Qxa7 Nd3) 29. Qc4 {Av CentiPawn Loss W=-15/B=-53. Weighted=-22/-57} 1-0

[Event "BLR-ch Women 2020"]
[Site "Minsk"]
[Date "2020.10.22"]
[Round "5.1"]
[White "Tarasenka, Aliaksandra"]
[Black "Ilyuchyk, Yana"]
[Result "1/2-1/2"]
[WhiteElo "2070"]
[BlackElo "2119"]
[Annotator "TA"]
[PlyCount "73"]
[EventDate "2020.10.18"]
[EventType "tourn"]
[EventCountry "BLR"]
[SourceTitle "playchess.com"]
[Source "ChessBase"]
[SourceQuality "1"]

{[%evp 16,73,35,30,46,29,20,21,18,12,22,-78,-83,-63,-31,-50,-38,-67,-77,-141,-135,-110,-103,-109,-58,-52,-9,-43,-13,-12,0,0,0,0,0,0,216,203,168,106,432,432,540,547,495,498,2768,2072,2469,2224,4116,0,0,0,0,0,0,0,0,0]} 1. d4 Nf6 2. Nf3 g6 3. g3 Bg7 4. Bg2 O-O 5. O-O d6 6. c4 Nc6 7. Nc3 e5 8. d5 Nb8 $1 {[%mdl 4] outshines the older 8...Ne7. Played by Magnus Carlsen in August 2020.} 9. e4 a5 {E62: King's Indian: Fianchetto: 6...c6 and Panno Variation (6...Nc6) without ...a6.} 10. a3 Nbd7 {[%cal Bb8d7,Bd7f6,Bf6g4][%mdl 32] [#]} 11. Bg5 $146 ({Predecessor:} 11. Ne1 Nc5 12. Nd3 Nxd3 13. Qxd3 a4 14. Qc2 Bd7 15. Bd2 Nh5 16. b4 axb3 17. Qxb3 {1-0 (46) Chandra,A (2491)-Popilski,G (2552) Dallas 2016}) 11... h6 12. Be3 Ng4 13. b4 (13. Bd2 $11) 13... Nxe3 $17 14. fxe3 b6 15. Qb3 Nf6 16. c5 Ng4 17. Na4 (17. cxd6 $142 cxd6 18. Rae1) 17... axb4 18. axb4 bxc5 19. bxc5 h5 ({Black should try} 19... f5 $17 20. h3 Nf6) 20. h3 $15 Nh6 (20... Nf6 {with more complications.} 21. Nd2 Ba6 22. Rfc1 Rb8 23. Qa3 Bh6) 21. Nc3 Rxa1 22. Rxa1 f5 23. Ra8 $36 {[%mdl 2048] White fights for an advantage.} Qe7 24. c6 fxe4 25. Nd2 Bf5 $2 (25... Nf7 $11) 26. Rxf8+ $18 Bxf8 27. Qb8 ({Much worse is} 27. Ndxe4 $6 Bxe4 28. Nxe4 (28. Bxe4 Qg5 $11) 28... Qd8 $11) (27. Qb7 $18) 27... h4 $2 {[%mdl 8192]} (27... Qf7 $16 {is tougher.} 28. Qa7 (28. Ndxe4 Bxe4 29. Nxe4 Nf5 $16) (28. Ncxe4 Qe7 $16) 28... Bg7) 28. Nb5 ({Less strong is} 28. g4 Nxg4 29. hxg4 Bxg4 $18) 28... Qf7 29. Nxc7 {[#] aiming for g4.} hxg3 {intending ...Bxh3.} 30. Nf1 Bxh3 (30... Qf6 $142 31. Ne8 Qe7) 31. Bxh3 Qf2+ 32. Kh1 Ng4 {[#]} 33. Bg2 $2 ({White must play} 33. Ne6 $1 $18 Nxe3 34. Qxf8+ Qxf8 35. Nxf8 g2+ 36. Bxg2 Nxd5 37. Bxe4) 33... Nxe3 $11 {The position is equal.} 34. Nxe3 Qxe3 35. Qb1 {Qf1 is the strong threat.} Qh6+ 36. Kg1 Qe3+ 37. Kh1 {Av CentiPawn Loss W=-79/B=-103. Weighted=-56/-87} 1/2-1/2

[Event "BLR-ch Women 2020"]
[Site "Minsk"]
[Date "2020.10.22"]
[Round "5.2"]
[White "Norman, Kseniya"]
[Black "Zeliantsova, Kseniya"]
[Result "0-1"]
[WhiteElo "1834"]
[BlackElo "2114"]
[Annotator "TA"]
[PlyCount "112"]
[EventDate "2020.10.18"]
[EventType "tourn"]
[EventCountry "BLR"]
[SourceTitle "playchess.com"]
[Source "ChessBase"]
[SourceQuality "1"]

{[%evp 9,112,-6,25,5,4,8,22,23,21,11,9,10,8,4,8,0,0,0,0,-1,8,0,50,0,9,8,18,16,29,7,47,42,47,50,45,53,113,101,142,0,22,25,33,0,0,0,0,0,0,0,0,0,0,0,0,0,0,0,0,-8,0,0,0,0,0,0,0,0,0,0,0,-32,-32,-103,-106,-102,-31,-31,-31,-32,-32,-32,-32,-125,-125,-125,-125,-135,-125,-253,-246,-503,-485,-447,-438,-779,-805,-798,-796,-765,-765,-765,-750,-739,-739]} 1. e4 c5 2. Nc3 e6 3. f4 d5 4. Nf3 dxe4 5. Nxe4 Nd7 6. Bc4 {B21: Sicilian: 2 f4 and Morra Gambit.} Ngf6 7. d3 Be7 {[#]} 8. Qe2 $146 {The position is equal.} ({Predecessor:} 8. O-O O-O 9. Qe2 b6 10. Neg5 h6 11. Nxf7 Kxf7 12. Qxe6+ Ke8 13. Nh4 Nb8 14. Bb5+ Bd7 15. Nf5 {1-0 (15) Zambrano,K (2175)-Marichal Gonzalez,A (2311) Porlamar 2012}) 8... a6 9. f5 Nxe4 10. fxe6 Nd6 $1 {Hoping for ...fxe6.} ({Don't go for} 10... Bh4+ $2 11. g3 $18 (11. Kf1 fxe6 12. Qxe4 {[%mdl 64] Double Attack} O-O $14)) 11. exd7+ Bxd7 12. Bb3 O-O 13. O-O Bf6 14. Qf2 Rc8 15. Bf4 Nf5 (15... c4 $5 {[%cal Rc4b3]} 16. Bxd6 cxb3 17. Bxf8 (17. cxb3 Re8 $15) 17... Rxc2 $11 {[%mdl 64] Double Attack}) 16. Ne5 Be6 17. Bxe6 fxe6 18. Rae1 g5 19. Bg3 h5 {aiming for ...h4.} 20. Qe2 Nxg3 21. hxg3 Qd4+ 22. Kh2 h4 ({Black should play} 22... Rce8 $14) 23. Ng4 $16 hxg3+ {[#]} 24. Kxg3 (24. Kh3 $1 $16 Kg7 25. Qxe6) 24... Qd6+ 25. Kh3 Kg7 26. Nxf6 Rxf6 27. g3 {Threatens to win with Rxf6.} Rh8+ 28. Kg4 Qd4+ 29. Qe4 Qxe4+ (29... Rh2 {seems wilder.} 30. Qxd4 cxd4 31. Rxf6 Kxf6 32. Rf1+ Ke7) 30. dxe4 Rh2 31. Rxf6 Kxf6 $11 {[%mdl 4096] Endgame KR-KR} 32. e5+ Ke7 33. Kxg5 Rxc2 34. Rh1 Kd7 35. Rh7+ Kc6 36. Kf6 Rxb2 {And now ...c4 would win.} 37. Kxe6 c4 38. g4 Rg2 39. Kf5 c3 40. e6 c2 (40... Rxa2 41. Rh3 $11) 41. Rh8 ({White should try} 41. Rh1 $15) 41... Kd6 $17 (41... Rf2+ $2 42. Ke4 $19) 42. Rc8 Rf2+ (42... Re2 $17 {White must now prevent ...Re5+.} 43. g5 b5) 43. Ke4 $15 Kxe6 44. Kd3 {[#]} c1=Q $1 {[%mdl 512]} 45. Rxc1 Rxa2 46. Rg1 (46. Rf1 $15) 46... Kf6 $17 47. Kc4 b5+ {[%cal Bb7b5,Bb5b4][%mdl 32]} 48. Kc5 Kg5 49. Rg3 {White does not recover from this.} (49. Kb4 $17) 49... Ra4 $19 50. Rg1 $2 {[#]} (50. Rh3) 50... b4 $1 {Black is clearly winning.} 51. Kc4 {intending Kb3.} a5 {[%cal Ba6a5,Ba5a4][%mdl 32]} 52. Kb3 (52. Rd1 $142 Kxg4 53. Rd4+ Kf5 54. Kb3 Ra3+ 55. Kb2) 52... Ra3+ 53. Kb2 a4 54. Rg2 Re3 55. Ka2 Re4 56. Rd2 Kxg4 {Av CentiPawn Loss W=-23/B=-7. Weighted=-20/-8} 0-1

[Event "BLR-ch Women 2020"]
[Site "Minsk"]
[Date "2020.10.22"]
[Round "5.3"]
[White "Astapchyk, Darya"]
[Black "Beinenson, Katsiaryna"]
[Result "1-0"]
[WhiteElo "1506"]
[BlackElo "1983"]
[Annotator "TA"]
[PlyCount "73"]
[EventDate "2020.10.18"]
[EventType "tourn"]
[EventCountry "BLR"]
[SourceTitle "playchess.com"]
[Source "ChessBase"]
[SourceQuality "1"]

{[%evp 11,73,14,9,0,0,0,0,2,58,13,32,12,1,0,14,-10,25,22,83,11,31,18,22,22,58,48,249,262,251,244,255,254,302,300,288,293,375,372,360,336,758,749,759,742,677,690,1051,1049,993,577,1014,755,2041,1937,1675,1606,29985,29977,29984,761,29990,725,29995,1208]} 1. d4 d5 2. c4 c6 3. e3 Nf6 4. Nf3 Bg4 5. Nc3 e6 6. Be2 Nbd7 7. b3 {D11: Slav Defence: 3 Nf3 sidelines and 3...Nf6 4 e3 Bg4.} Bb4 8. Bd2 Ba3 9. O-O {The position is equal.} Bf5 (9... O-O $11) 10. Bc1 {[#]} Bd6 $146 ({Predecessor:} 10... Bxc1 11. Rxc1 h6 12. h3 O-O 13. Bd3 Bxd3 14. Qxd3 Qa5 15. cxd5 exd5 16. Qd2 Rae8 {1-0 (39) Eswar,R (1986)-Nimmy,A (2217) Mumbai 2008}) 11. Bb2 Ne4 12. Bd3 Qf6 13. Re1 g5 14. Qc2 $36 {[%mdl 2048] Strongly threatening cxd5. White is pushing.} Qg6 (14... Nxc3 $11 {keeps the balance.} 15. Bxc3 Bxd3 16. Qxd3 O-O-O) 15. Nd2 ({White should try} 15. cxd5 $16 cxd5 16. Bxe4 Bxe4 17. Nxe4 dxe4 18. Ne5 Bxe5 19. dxe5) 15... Ndf6 16. Ncxe4 dxe4 17. Be2 Qh6 18. Nf1 Ng4 $2 {[#] Now Black is done in.} ({Better is} 18... O-O $14) 19. Bxg4 $1 $18 Bxg4 20. d5 ({Resist} 20. Qxe4 $6 f5 $16) 20... O-O 21. dxc6 ({Don't do} 21. Qxe4 $6 f5 $16) 21... bxc6 22. Qxe4 f5 23. Qxc6 Rad8 24. f3 Bh5 25. Red1 g4 $2 (25... Bb8 26. Ng3 Bf7) 26. Rxd6 gxf3 27. Rxe6 Qg5 28. g3 f4 29. exf4 Rxf4 30. Kf2 Rh4 {( -> ...Rxh2+!)} 31. Rd6 Re8 32. Re1 Rxe1 33. Kxe1 {Intending Qc8+ and mate.} f2+ 34. Kxf2 Qf5+ 35. Kg2 (35. Kg1 $142 Re4 36. Rf6 Qe5 37. Bxe5 Rxe5 38. Qd6 Re8 39. Qd5+ {[%mdl 64] Double Attack} Kg7 40. Qxh5) 35... Qc2+ 36. Rd2 (36. Kg1 $142 Qxb2 37. Qd5+ Kg7 38. Rd7+ {[%mdl 64] Double Attack} Kh6 39. Qe6+ Bg6 40. Qe3+ {[%mdl 64] Double Attack} Kh5 41. Rd5+ Qe5 42. Rxe5+ Bf5 43. Rxf5+ Kg4 44. Qg5+ {[%mdl 64] Double Attack} Kh3 45. Qxh4#) 36... Qf5 37. Qd5+ {Av CentiPawn Loss W=-38/B=-132. Weighted=-46/-177} (37. Rd8+ $142 Qf8 {[#]} 38. Qf6 $1 {[%mdl 576] Pin} Be8 39. Rxe8 Rxh2+ 40. Nxh2 Qxe8 41. Qg7#) 1-0

[Event "BLR-ch Women 2020"]
[Site "Minsk"]
[Date "2020.10.23"]
[Round "6.1"]
[White "Zeliantsova, Kseniya"]
[Black "Astapchyk, Darya"]
[Result "1-0"]
[WhiteElo "2114"]
[BlackElo "1506"]
[Annotator "ChessBase"]
[PlyCount "81"]
[EventDate "2020.10.18"]
[EventType "tourn"]
[EventCountry "BLR"]
[SourceTitle "playchess.com"]
[Source "ChessBase"]
[SourceQuality "1"]
[TimeControl "40/5400+30:1800+30"]

1. e4 {[%emt 0:00:00]} e5 {[%emt 0:00:00]} 2. Nf3 {[%emt 0:00:00]} Nc6 {[%emt 0:00:00]} 3. Bb5 {[%emt 0:00:00]} d6 {[%emt 0:00:00]} 4. d4 {[%emt 0:00:43]} Bd7 {[%emt 0:00:38]} 5. O-O {[%emt 0:01:00]} Nf6 {[%emt 0:00:43]} 6. Nc3 {[%emt 0:01:39]} Be7 {[%emt 0:01:21]} 7. Bg5 {[%emt 0:01:57]} O-O {[%emt 0:00:52]} 8. Bxc6 {[%emt 0:03:01]} Bxc6 {[%emt 0:01:11]} 9. dxe5 {[%emt 0:00:29]} Nxe4 {[%emt 0:03:59]} 10. Bxe7 {[%emt 0:04:28]} Qxe7 {[%emt 0:00:15]} 11. Nd5 {[%emt 0:01:31]} Qd7 {[%emt 0:10:06]} 12. c4 {[%emt 0:05:51]} Rae8 {[%emt 0:18:12]} 13. Re1 {[%emt 0:06:15]} f5 {[%emt 0:04:10]} 14. exf6 {[%emt 0:08:38]} Nxf6 {[%emt 0:00:45]} 15. Qd4 {[%emt 0:07:14]} Bxd5 {[%emt 0:13:19]} 16. cxd5 {[%emt 0:01:00]} Qf5 {[%emt 0:01:48]} 17. Qxa7 {[%emt 0:09:10]} Qxd5 {[%emt 0:01:06]} 18. Qa4 {[%emt 0:02:14]} Re4 {[%emt 0:04:21]} 19. Rxe4 {[%emt 0:00:34]} Qxe4 {[%emt 0:00:30]} 20. Qb3+ {[%emt 0:01:02]} Qd5 {[%emt 0:03:36]} 21. Qc2 {[%emt 0:01:50]} Qc5 {[%emt 0:04:12]} 22. Qxc5 {[%emt 0:03:37]} dxc5 {[%emt 0:00:05]} 23. Rd1 {[%emt 0:01:14]} h6 {[%emt 0:04:15]} 24. h3 {[%emt 0:05:17]} Re8 {[%emt 0:01:48]} 25. Kf1 {[%emt 0:02:18]} Kf7 {[%emt 0:01:02]} 26. Nd2 {[%emt 0:06:42]} Rd8 {[%emt 0:07:29]} 27. Ke2 {[%emt 0:02:06]} b6 {[%emt 0:01:34]} 28. Rc1 {[%emt 0:04:30]} Nd5 {[%emt 0:02:27]} 29. Rc4 {[%emt 0:03:44]} g5 {[%emt 0:03:07]} 30. g3 {[%emt 0:01:09]} Nb4 {[%emt 0:04:32]} 31. a4 {[%emt 0:03:08]} Re8+ {[%emt 0:03:24]} 32. Ne4 {[%emt 0:03:09]} Nc6 {[%emt 0:01:42]} 33. Ke3 {[%emt 0:04:12]} Ne5 {[%emt 0:02:16]} 34. Rc3 {[%emt 0:01:34]} Nc6 {[%emt 0:00:32]} 35. f4 {[%emt 0:02:14]} Nb4 {[%emt 0:01:09]} 36. Kf3 {[%emt 0:00:32]} gxf4 {[%emt 0:00:12]} 37. gxf4 {[%emt 0:00:04]} Ra8 {[%emt 0:00:28]} 38. b3 {[%emt 0:00:37]} Rg8 {[%emt 0:00:32]} 39. Ng3 {[%emt 0:01:08]} Nc6 {[%emt 0:00:53]} 40. Nf5 {[%emt 0:00:00]} h5 {[%emt 0:00:00]} 41. Nh6+ {[%emt 0:02:16]} 1-0

[Event "BLR-ch Women 2020"]
[Site "Minsk"]
[Date "2020.10.23"]
[Round "6.2"]
[White "Ilyuchyk, Yana"]
[Black "Norman, Kseniya"]
[Result "0-1"]
[WhiteElo "2119"]
[BlackElo "1834"]
[Annotator "TA"]
[PlyCount "56"]
[EventDate "2020.10.18"]
[EventType "tourn"]
[EventCountry "BLR"]
[SourceTitle "playchess.com"]
[Source "ChessBase"]
[SourceQuality "1"]

{[%evp 9,56,47,39,70,49,64,118,116,137,121,131,132,151,149,108,152,150,114,146,137,151,31,25,-25,0,0,97,-424,-469,-481,-477,-479,-457,-1427,-1327,-1213,-982,-1032,-1000,-973,-950,-1881,-1849,-1856,-816,-789,-785,-739,-719]} 1. e4 d5 2. exd5 Nf6 3. d4 Bg4 4. f3 Bf5 5. g4 Bg6 6. c4 {B01: Scandinavian Defence.} e6 7. Nc3 Be7 (7... exd5 $14 8. g5 Nfd7) 8. h4 $16 {Black must now prevent h5.White is better.} h6 {[%cal Re6d5]} 9. dxe6 Nc6 10. Be3 $1 {[#]} Nb4 $146 ({Predecessor:} 10... Qd6 11. h5 Bh7 12. exf7+ Kxf7 13. c5 Qe6 14. Kf2 Rad8 15. Qa4 Ke8 16. Bh3 Rf8 {1-0 (39) Gazik,I (2380)-Krivoshey,S (2475) Hlohovec 1998}) 11. Rc1 c5 12. exf7+ Kxf7 {[#] White should prevent ...Re8.} 13. d5 $1 {Threatens to win with a3.} ({Much worse is} 13. dxc5 $6 Qxd1+ 14. Kxd1 Rad8+ 15. Ke1 Nc2+ 16. Rxc2 Bxc2 $14) 13... Re8 14. h5 Bh7 {[#]} 15. Nh3 ({Only move:} 15. Qd2 $1 $16) 15... Bd6 16. Kd2 Rxe3 17. Kxe3 {Kf2 is the strong threat.} Qe7+ (17... Kg8 $1 $11) 18. Kd2 $2 {[%mdl 8192] Loses the game.} (18. Kf2 $16 {is necessary to keep the advantage.}) 18... Re8 $19 {[%csl Ge8][%cal Re7e3] Black is clearly winning.} 19. Qe2 {Hoping for Qxe7+.} Qc7 20. Qg2 Bf4+ ({And not} 20... Qe7 21. Qg1 $11 (21. Qe2 $2 Qc7 $19)) 21. Kd1 (21. Nxf4 $142 Qxf4+ 22. Kd1) 21... Qe5 {[%csl Ge8][%cal Re5e1]} 22. Bd3 Nxd3 23. Nxf4 Qxf4 {[%csl Gd3][%cal Rf4c1]} 24. Rc2 Qd4 25. Nb5 Nf2+ {[%mdl 64] Double Attack, Discovered Attack (Double check)} 26. Kc1 Qe3+ (26... Qf4+ $142 27. Kb1 Bxc2+ 28. Ka1 Nxh1) 27. Rd2 {[#]} Qe1+ $1 {[%mdl 576] Double Attack} 28. Rd1 (28. Rxe1 Rxe1+) 28... Nd3+ {Av CentiPawn Loss W=-105/B=-70. Weighted=-71/-48} 0-1